Statistiques concernant Les noms de scène de vedettes québécoises

Cliquez ici pour prendre le quiz!

Statistiques générales

  • Ce quiz a été pris 77 fois
  • Le résultat moyen est 10 sur 27

Statistiques - réponses

IndiceVrai nomSurnom / RéponsesAnnée de naissance% Correct
ChanteurPierre GarandGarou1972
90%
ChanteuseBéatrice MartinCoeur de pirate1989
81%
ChanteuseFrance RochonFrance D'amour1967
55%
ChanteurCornelius NyunguraCorneille1977
53%
ChanteurHubert ChiassonHubert Lenoir1994
53%
ChanteuseMarjolaine MorinMarjo1953
50%
ChanteuseAnnie GrenierAnnie Brocoli1971
48%
ChanteurJean LeclercJean Leloup1961
48%
ChanteurDaniel DesjardinsBoom1971
45%
ComédienneAimée SylvestreDominique Michel1932
42%
ChanteuseLara CrokaertLara Fabian1970
42%
ChanteurMichel PoulinMichel Louvain1937
39%
ChanteurMichel LatraversePlume1946
37%
HumoristeSamir KhullarSugar Sammy1976
37%
AnimateurDave-Eric OuelletMc Gilles1973
35%
ChanteurAlexandre ParentAlex Nevsky1986
32%
Chanteuse / ActriceFrance BéginFrance Castel1944
31%
Humoriste / AnimateurJérémie ?-QuirionJay Du Temple1991
31%
ChanteurYvon ÉthierPatrick Norman1946
26%
RéalisateurDaniel GrouPodz1967
26%
ChanteurSébastien FréchetteBiz1972
23%
ChanteurGérard LavoieDaniel Lavoie1949
23%
ChanteuseLouise BellehumeurLouise Forestier1943
21%
ChanteurSimon Cliche-TrudeauLoud1988
16%
ChanteurSamuel TremblaySamian1983
16%
PersonnageLuc ProvostMado Lamotte?
11%
ChanteurKoriassEmmanuel Dubois1984
8%

Distribution des résultats

Percentile par nombre de réponses

% des personnes avec chaque résultat

Votre développement - résultats

Vous n’avez pas pris ce quiz